Laboratory Diagnosis of Viral Infections (Record no. 4429)

MARC details
000 -LEADER
fixed length control field 00662nam a22002297a 4500
003 - CONTROL NUMBER IDENTIFIER
control field OSt
005 - DATE AND TIME OF LATEST TRANSACTION
control field 20160621185507.0
008 - FIXED-LENGTH DATA ELEMENTS--GENERAL INFORMATION
fixed length control field 160621b xxu||||| |||| 00| 0 eng d
020 ## - INTERNATIONAL STANDARD BOOK NUMBER
International Standard Book Number 0824719522
040 ## - CATALOGING SOURCE
Transcribing agency DNLM
082 ## - DEWEY DECIMAL CLASSIFICATION NUMBER
Classification number QY400 L111i 1999
100 ## - MAIN ENTRY--PERSONAL NAME
Personal name Edited by Lennette, Edwin H.; Smith Thomas F.
9 (RLIN) 9506
245 ## - TITLE STATEMENT
Title Laboratory Diagnosis of Viral Infections
250 ## - EDITION STATEMENT
Edition statement 3rd ed, Rev & expanded
260 ## - PUBLICATION, DISTRIBUTION, ETC. (IMPRINT)
Place of publication, distribution, etc. New York; Marcel Dekker, 1999
300 ## - PHYSICAL DESCRIPTION
Extent xiii,868p; ill: 26cm
504 ## - BIBLIOGRAPHY, ETC. NOTE
Bibliography, etc References, & index included
650 ## - SUBJECT ADDED ENTRY--TOPICAL TERM
Topical term or geographic name as entry element Laboratory Diagnosis
9 (RLIN) 2306
650 ## - SUBJECT ADDED ENTRY--TOPICAL TERM
Topical term or geographic name as entry element Virology
9 (RLIN) 893
650 ## - SUBJECT ADDED ENTRY--TOPICAL TERM
Topical term or geographic name as entry element Viral infection
9 (RLIN) 9507
942 ## - ADDED ENTRY ELEMENTS (KOHA)
Source of classification or shelving scheme Other/Generic Classification Scheme
Koha item type Open Shelf
Holdings
Withdrawn status Lost status Source of classification or shelving scheme Damaged status Not for loan Home library Current library Date acquired Source of acquisition Inventory number Total Checkouts Full call number Barcode Date last seen Koha item type
    Other/Generic Classification Scheme     MUST Main Library MUST Main Library 21/06/2016   09/31408   QY400 L111i 1999 2016-2618 21/06/2016 Open Shelf